International Encyclopedia of Statistics V.2 (Record no. 163148)

MARC details
000 -LEADER
fixed length control field 00506nam a22001697a 4500
003 - CONTROL NUMBER IDENTIFIER
control field OSt
020 ## - INTERNATIONAL STANDARD BOOK NUMBER
International Standard Book Number 0029179807
082 ## - DEWEY DECIMAL CLASSIFICATION NUMBER
Classification number 001.42
Item number KRU/IN
245 ## - TITLE STATEMENT
Title International Encyclopedia of Statistics V.2
260 ## - PUBLICATION, DISTRIBUTION, ETC. (IMPRINT)
Place of publication, distribution, etc Newyork
Name of publisher, distributor, etc The Free Press a division of Macmillan Publishing Co.,Inc.
Date of publication, distribution, etc 1978
300 ## - PHYSICAL DESCRIPTION
Extent 1350p.
546 ## - LANGUAGE
Language note English
650 ## - SUBJECT ADDED ENTRY--TOPICAL TERM
Topical term or geographic name as entry element Statistics-Dictionaries
650 ## - SUBJECT ADDED ENTRY--TOPICAL TERM
Topical term or geographic name as entry element Social sciences- Statistical methods
700 ## - ADDED ENTRY--PERSONAL NAME
Personal name Kruskal, William H and Tanur, Judith M
942 ## - ADDED ENTRY ELEMENTS (KOHA)
Source of classification or shelving scheme Dewey Decimal Classification
Koha item type Reference Book
Holdings
Lost status Source of classification or shelving scheme Damaged status Not for loan Collection code Home library Current library Shelving location Date acquired Total Checkouts Full call number Barcode Date last seen Koha item type Public note
  Dewey Decimal Classification   Not For Loan Malayalam KAU Central Library, Thrissur KAU Central Library, Thrissur Reference 01/01/2019   001.42 KRU/IN 906668 01/01/2019 Reference Book Book transferred from CoH Library, Acc.No: 7671
Kerala Agricultural University Central Library
Thrissur-(Dt.), Kerala Pin:- 680656, India
Ph : (+91)(487) 2372219
E-mail: librarian@kau.in
Website: http://library.kau.in/